| 000 | 01163nam a22002537a 4500 | ||
|---|---|---|---|
| 005 | 20170124103042.0 | ||
| 010 | _aA-809651 | ||
| 020 | _c75.00 | ||
| 035 | _aA-809651 | ||
| 037 | _bCen Lib/Ret | ||
| 040 |
_aDPL _bHN |
||
| 082 |
_aक _bप्रमिला |
||
| 100 |
_aप्रमिला बहादुर _967609 |
||
| 245 |
_aसुगंधा : _cप्रमिला बहादुर _bहिंदी सर्वश्रेष्ठ कहानियां / |
||
| 246 |
_aSugandha : hindi sarvashresth kahaniyan / _bby Pramila Bahadur |
||
| 260 |
_a दिल्ली _bअनिल पब्लिशिंग हाउस _c1994 |
||
| 270 |
_bनई दिल्ली _aजी-१५ए, उषा किरन बिल्डिंग, आजादपुर _e1100933 |
||
| 300 |
_a192पृ. _c19सेमी (सजिल्द) |
||
| 650 |
_aहिंदी साहित्य _967610 |
||
| 650 |
_aहिंदी साहित्य _xकहानियां _967611 |
||
| 650 |
_aHindi literature _967612 |
||
| 650 |
_aHindi literature _xstories _967613 |
||
| 942 |
_2ddc _cHN _hक _mप्रमिला |
||
| 999 |
_c116657 _d116657 |
||